1748 1796 1354 1573 1960 1491 1502 1199 1425 1607 1890 1471 1723 1365 1659 1922 1310 1686 1172 1599 1027 1789 1741 1138 1578 1931 1730 1804 1392 1532 1957 1457 1170 1932 1401 1474 1620 1959 1250 1526 1843 1295 1857 1023 1268 1300 1008 1492 1901 1521 1954 1731 1257 1934 1787 1335 1916 1202 1730 1021 1782 1223 1079 1969 1137 1282 1485 1665 1703 1250 1058 1120 1216 1747 1548 1945 1091 1118 1883 1151 1577 1111 1447 1805 1374 1640 1641 1407 1082 1805 1924 1960 1917 1185 1165 1819 1769 1805 1706 BCNSPRNW ULIB Ver.6.0+V

เปลี่ยนเป็นภาษาไทย

Change to English
 แสดงรายละเอียดบรรณานุกรม
  กลับหน้าหลัก

Brief Record : Get Marc (ISO 2709) : E-mail record : QR code < ปิดหน้าต่าง
LEADER : 00000nam 2200000uu 4500
001    13399112255
003     ULIB
008    110802s2554||||th 000 0 tha d
020    9789190603725
024    9789190603725
090    นว.^bฌ111ว 2554
100 0  ฌามิวอาห์
245 00 วิวาห์ปรารถนา/^cฌามิวอาห์
260    กรุงเทพฯ:^bแจ่มใส,^c2554.
400    ความรู้สึกดี...ที่เรียกว่ารัก
945    ^p239^l0^i18471
995    เกษร
999 ^a ใช้งานได้ทุกระบบ
รายการนี้ยังไม่มีแท็ก
คุณยังไม่ได้ล็อกอิน คุณสามารถมีกิจกรรมร่วมกับเว็บไซต์ได้ แต่ต้องล็อกอินก่อน ::
  ล็อกอิน

รายการสื่อสารสนเทศ

ลำดับที่ ประเภท เลขเรียก/บาร์โค้ด สถานที่ สถานะ
1. นวนิยาย
นวนิยาย
นว. ฌ111ว 2554  
  Barcode: 18471
ห้องสมุดวิทยาเขตสวรรค์ประชารักษ์
►นวนิยาย
บนชั้น
  ขอยืม

รายการใกล้เคียง
    ผู้แต่ง [ฌามิวอาห์]

BibComment


ยังไม่เคยถูกคอมเมนท์

คอมเมนท์ทรัพยากรรายการนี้
  คอมเมนท์: วิวาห์ปรารถนา ฌาม..


 Copyright 2026. Bcnsprnw @Library